[Event "Calvia Amateur op 19th"]
[Site "Calvia"]
[Date "2022.10.08"]
[Round "1"]
[White "Aardenburg, Piet"]
[Black "Svensson, Mikael"]
[Result "0-1"]
[WhiteElo "1723"]
[BlackElo "2129"]
[PlyCount "88"]
[EventDate "2022.10.08"]
[EventType "swiss"]
[EventRounds "9"]
[EventCountry "ESP"]
[SourceTitle "CBM 210 Extra"]
[Source "ChessBase"]
[SourceDate "2022.11.30"]
[SourceVersion "1"]
[SourceVersionDate "2022.11.30"]
[SourceQuality "1"]

1. e4 e6 2. d4 d5 3. Nc3 h6 4. exd5 exd5 5. Bd3 Nf6 6. h3 c5 7. Be3 c4 8. Be2 Bb4 9. Bd2 0-0 10. Nf3 Nc6 11. 0-0 Bf5 12. a3 Bxc3 13. Bxc3 Ne4 14. Be1 Qf6 15. c3 Na5 16. a4 Rfe8 17. Nd2 Nxd2 18. Bxd2 Nb3 19. Ra3 Bc2 20. Qe1 Rxe2 21. Qxe2 Bd3 22. Qd1 Bxf1 23. Kxf1 Qf5 24. Be3 a5 25. f3 Re8 26. Bf2 Qf4 27. Kg1 h5 28. Ra2 h4 29. Ra3 g5 30. Qc2 Kg7 31. Qd1 Re6 32. Rxb3 cxb3 33. Qxb3 Re2 34. Qxd5 Rxb2 35. Qe4 Qd2 36. Qe5+ Kg6 37. Qe4+ Kh6 38. Qe3 Rb1+ 39. Kh2 Qxe3 40. Bxe3 Re1 41. Bf2 Re2 42. Kg1 Rc2 43. Be1 Kg6 44. d5 Kf5 0-1

[Event "Vaxjo op"]
[Site "Vaxjo"]
[Date "2020.02.08"]
[Round "6"]
[White "Svensson, Mikael"]
[Black "Storme, Isak"]
[Result "1/2-1/2"]
[WhiteElo "2158"]
[BlackElo "2314"]
[PlyCount "69"]
[EventDate "2020.02.07"]
[EventType "swiss"]
[EventRounds "8"]
[EventCountry "SWE"]
[SourceTitle "CBM 194 Extra"]
[Source "ChessBase"]
[SourceDate "2020.03.31"]
[SourceVersion "1"]
[SourceVersionDate "2020.03.31"]
[SourceQuality "1"]

1. d4 Nf6 2. Nf3 d5 3. c4 e6 4. cxd5 exd5 5. Nc3 c6 6. Qc2 g6 7. Bg5 Be7 8. e3 Bf5 9. Bd3 Bxd3 10. Qxd3 0-0 11. 0-0 Nbd7 12. Nd2 Re8 13. Rfc1 Ne4 14. Bxe7 Qxe7 15. Ncxe4 dxe4 16. Qb3 Nf6 17. Rc5 Nd5 18. Rac1 h5 19. Nc4 h4 20. h3 Kh7 21. Ne5 f6 22. Ng4 Rad8 23. a3 f5 24. Ne5 Rf8 25. Qd1 f4 26. Qg4 Rd6 27. Rxd5 cxd5 28. exf4 a5 29. Rc5 b6 30. Rxd5 Rxd5 31. Qxg6+ Kh8 32. Qh6+ Kg8 33. Qg6+ Kh8 34. Qh6+ Kg8 35. Qg6+ 1/2-1/2

[Event "Gothenburg Kvibergspelen 09"]
[Site "Gothenburg"]
[Date "2019.09.28"]
[Round "5"]
[White "Svensson, Mikael"]
[Black "Sorensen, Hampus"]
[Result "0-1"]
[WhiteElo "2163"]
[BlackElo "2319"]
[PlyCount "90"]
[EventDate "2019.09.27"]
[EventType "swiss"]
[EventRounds "8"]
[EventCountry "SWE"]
[SourceTitle "EXT 2020"]
[Source "ChessBase"]
[SourceDate "2019.10.17"]
[SourceVersion "1"]
[SourceVersionDate "2019.10.17"]
[SourceQuality "1"]

1. d4 d5 2. c4 c6 3. Nf3 Nf6 4. e3 a6 5. Nc3 e6 6. b3 Bb4 7. Bd2 Nbd7 8. Bd3 0-0 9. 0-0 Bd6 10. Qc2 Qe7 11. e4 dxc4 12. Bxc4 e5 13. d5 Nc5 14. b4 Ncd7 15. a3 Nb6 16. Bb3 cxd5 17. exd5 Bg4 18. Ng5 Rac8 19. Qd3 Nbd7 20. Rfe1 h6 21. Nge4 Bf5 22. Qf3 Bxe4 23. Nxe4 Nxe4 24. Qxe4 f5 25. Qe3 Nf6 26. Bc3 Ng4 27. Qd2 Qh4 28. h3 Nxf2 29. Bxe5 Bxe5 30. d6+ Kh8 31. Rxe5 Nxh3+ 32. Kf1 Ng5 33. Qf2 Qh2 34. Qd4 Ne4 35. d7 Rcd8 36. Rd1 Qh1+ 37. Qg1 Ng3+ 38. Kf2 Qh4 39. Qe1 Qh2 40. Re7 Ne4+ 41. Ke3 Qxg2 42. Qg1 Qh3+ 43. Kd4 Qc3+ 44. Kd5 Qxb3+ 45. Ke5 Ng5 0-1

[Event "Lund CellaVision Cup"]
[Site "Lund"]
[Date "2019.08.03"]
[Round "5"]
[White "Svensson, Mikael"]
[Black "Jepson, Christian"]
[Result "1/2-1/2"]
[WhiteElo "2147"]
[BlackElo "2394"]
[PlyCount "103"]
[EventDate "2019.08.02"]
[EventType "swiss"]
[EventRounds "8"]
[EventCountry "SWE"]
[SourceTitle "CBM 191 Extra"]
[Source "ChessBase"]
[SourceDate "2019.09.30"]
[SourceVersion "1"]
[SourceVersionDate "2019.09.30"]
[SourceQuality "1"]

1. d4 Nf6 2. Nf3 g6 3. Nbd2 c5 4. c3 cxd4 5. cxd4 d5 6. e3 Bg7 7. Bd3 0-0 8. 0-0 Nc6 9. a3 Qd6 10. Nb3 Ne4 11. Qc2 f5 12. Bd2 b6 13. Rac1 Bd7 14. Ba6 Rab8 15. Qd3 Nxd2 16. Qxd2 Nd8 17. Qb4 Ne6 18. Qxd6 exd6 19. Bd3 Rfc8 20. g3 Kf7 21. h4 Kf6 22. Kg2 h6 23. Rxc8 Rxc8 24. Rc1 g5 25. Ba6 Rb8 26. Rc3 f4 27. gxf4 gxf4 28. Nc1 fxe3 29. fxe3 Kf7 30. Nd3 Nc5 31. dxc5 Bxc3 32. c6 Bxc6 33. bxc3 Bb7 34. Bxb7 Rxb7 35. Nf4 Rc7 36. Nxd5 Rc5 37. e4 Ra5 38. Nd4 Rxa3 39. Kf3 a5 40. Nb5 Ra1 41. Nxd6+ Ke6 42. Nc4 a4 43. Nc7+ Kd7 44. Nb5 Kc6 45. Nca3 h5 46. Kf4 Rg1 47. Ke5 Rg4 48. Nd4+ Kc5 49. Ne6+ Kc6 50. Nd4+ Kc5 51. Ne6+ Kc6 52. Nd4+ 1/2-1/2

[Event "Vasteras op"]
[Site "Vasteras"]
[Date "2018.09.28"]
[Round "2"]
[White "Svensson, Mikael"]
[Black "Johansson, Linus"]
[Result "0-1"]
[WhiteElo "2086"]
[BlackElo "2461"]
[PlyCount "64"]
[EventDate "2018.09.28"]
[EventType "swiss"]
[EventRounds "8"]
[EventCountry "SWE"]
[SourceTitle "CBM 186 Extra"]
[Source "ChessBase"]
[SourceDate "2018.08.24"]
[SourceVersion "1"]
[SourceVersionDate "2018.08.24"]
[SourceQuality "1"]

1. d4 Nf6 2. Nf3 e6 3. Bg5 h6 4. Bh4 b6 5. e3 Bb7 6. Bd3 c5 7. 0-0 cxd4 8. exd4 Be7 9. c4 0-0 10. Nc3 d6 11. Qe2 Nbd7 12. Rac1 Rc8 13. Rfd1 Re8 14. h3 Nh5 15. Bxe7 Qxe7 16. Be4 d5 17. Bb1 dxc4 18. Ne4 b5 19. Ne5 Nhf6 20. Nxd7 Nxd7 21. a4 a6 22. b3 cxb3 23. axb5 a5 24. Qd3 Bxe4 25. Qxe4 Nf6 26. Qd3 Qb4 27. Rc6 a4 28. Rdc1 Rb8 29. R6c5 a3 30. Qc3 Qxc3 31. R5xc3 Rxb5 32. Rc8 a2 0-1

[Event "Calvia Amateur op 10th"]
[Site "Calvia"]
[Date "2013.10.13"]
[Round "9"]
[White "Abdulla, Al Hamed"]
[Black "Svensson, Mikael"]
[Result "1/2-1/2"]
[WhiteElo "1627"]
[BlackElo "2036"]
[PlyCount "49"]
[EventDate "2013.10.05"]
[EventType "swiss"]
[EventRounds "9"]
[EventCountry "ESP"]
[SourceTitle "EXT 2014"]
[Source "ChessBase"]
[SourceDate "2013.11.20"]
[SourceVersion "1"]
[SourceVersionDate "2013.11.20"]
[SourceQuality "1"]

1. e4 e6 2. d4 d5 3. Nc3 h6 4. Bd3 Nc6 5. Nf3 Nb4 6. exd5 Nxd3+ 7. Qxd3 exd5 8. Bf4 c6 9. 0-0-0 Nf6 10. Ne5 Be7 11. f3 0-0 12. g4 Nd7 13. Kb1 Nxe5 14. dxe5 Bh4 15. Bg3 Bd7 16. Ne2 Qg5 17. Bxh4 Qxh4 18. Ng3 Rae8 19. Rde1 f6 20. exf6 Qxf6 21. Rxe8 Rxe8 22. b3 Qe5 23. Rf1 Qf4 24. Nh5 Qxh2 25. Nf6+ 1/2-1/2

[Event "Calvia Amateur op 10th"]
[Site "Calvia"]
[Date "2013.10.10"]
[Round "6"]
[White "Moreno Mateos, Jose Luis"]
[Black "Svensson, Mikael"]
[Result "1-0"]
[WhiteElo "1845"]
[BlackElo "2036"]
[PlyCount "55"]
[EventDate "2013.10.05"]
[EventType "swiss"]
[EventRounds "9"]
[EventCountry "ESP"]
[SourceTitle "EXT 2014"]
[Source "ChessBase"]
[SourceDate "2013.11.20"]
[SourceVersion "1"]
[SourceVersionDate "2013.11.20"]
[SourceQuality "1"]

1. d4 e6 2. e4 d5 3. Nd2 h6 4. c3 c5 5. e5 Nc6 6. Ndf3 cxd4 7. cxd4 Qa5+ 8. Bd2 Qb6 9. Bc3 Nge7 10. Bd3 Bd7 11. Ne2 Na5 12. a4 Nec6 13. 0-0 Rc8 14. Nd2 Nb4 15. Bb1 Be7 16. Nb3 Nc4 17. Nf4 g6 18. Qg4 Kd8 19. a5 Qb5 20. Qd1 Kc7 21. Bxb4 Bxb4 22. Nd3 Bxa5 23. Ndc5 b6 24. Bd3 Qc6 25. Qe2 bxc5 26. Nxa5 Nxa5 27. Rxa5 c4 28. Rc5 1-0

[Event "Calvia Amateur op 10th"]
[Site "Calvia"]
[Date "2013.10.07"]
[Round "3"]
[White "Svensson, Mikael"]
[Black "Knutsen, Paal Egil"]
[Result "1-0"]
[WhiteElo "2036"]
[BlackElo "1761"]
[PlyCount "37"]
[EventDate "2013.10.05"]
[EventType "swiss"]
[EventRounds "9"]
[EventCountry "ESP"]
[SourceTitle "EXT 2014"]
[Source "ChessBase"]
[SourceDate "2013.11.20"]
[SourceVersion "1"]
[SourceVersionDate "2013.11.20"]
[SourceQuality "1"]

1. e4 c5 2. Nc3 Nc6 3. f4 g6 4. Nf3 d6 5. Bb5 a6 6. Bxc6+ bxc6 7. 0-0 Bg7 8. d3 Nf6 9. Qe1 Rb8 10. Qh4 a5 11. Kh1 Qd7 12. e5 Ng4 13. h3 h5 14. Qe1 Nh6 15. exd6 Qxd6 16. Ne4 Qd5 17. Qxa5 Nf5 18. Re1 h4 19. Qc7 1-0

[Event "Calvia Amateur op 8th"]
[Site "Calvia"]
[Date "2011.10.15"]
[Round "8"]
[White "Navarrete Abraham, Jorge"]
[Black "Svensson, Mikael"]
[Result "0-1"]
[WhiteElo "1862"]
[BlackElo "2016"]
[PlyCount "76"]
[EventDate "2011.10.08"]
[EventType "swiss"]
[EventRounds "9"]
[EventCountry "ESP"]
[SourceTitle "CBM 144 Extra"]
[Source "ChessBase"]
[SourceDate "2011.10.28"]
[SourceVersion "1"]
[SourceVersionDate "2011.10.28"]
[SourceQuality "1"]

1. e4 e6 2. d4 d5 3. Nc3 Be7 4. e5 b6 5. Qg4 Bf8 6. Bd3 Ba6 7. Be2 h6 8. Bf3 Ne7 9. Nge2 Qd7 10. Be3 Nbc6 11. a3 0-0-0 12. b4 Bc4 13. Nf4 Nf5 14. Rd1 Nxb4 15. axb4 Nxe3 16. fxe3 Bxb4 17. Kd2 Qc6 18. Rb1 Bxc3+ 19. Kxc3 Ba2+ 20. Kd2 Bxb1 21. Rxb1 g6 22. Be2 Qa4 23. Bd3 Kb7 24. Ne2 c5 25. Nc3 Qc6 26. Nb5 c4 27. Be2 Rd7 28. Nd6+ Kb8 29. Qf3 Qa4 30. e4 dxe4 31. Qxe4 Qa5+ 32. Kd1 f5 33. Qc6 Rc7 34. Qb5 Qc3 35. Qb2 Qe3 36. Bf3 c3 37. Qxb6+ axb6 38. Rxb6+ Ka7 0-1